[Event "Unterfranken-ch HT 61th"]
[Site "Kitzingen"]
[Date "2010.04.10"]
[Round "9"]
[White "Popp, Maximilian"]
[Black "Graunke, Frank Rouven"]
[Result "1/2-1/2"]
[WhiteElo "1665"]
[BlackElo "1447"]
[PlyCount "29"]
[EventDate "2010.04.05"]
[EventType "swiss"]
[EventRounds "9"]
[EventCountry "GER"]
[SourceTitle "EXT 2015"]
[Source "ChessBase"]
[SourceDate "2014.11.20"]
[SourceVersion "1"]
[SourceVersionDate "2014.11.20"]
[SourceQuality "1"]

1. e4 e6 2. d4 d5 3. Nc3 Bb4 4. e5 Bxc3+ 5. bxc3 c5 6. Qg4 g6 7. h4 h5 8. Qg3 Nh6 9. Bxh6 Rxh6 10. Nf3 Qa5 11. Kd2 cxd4 12. Nxd4 Nc6 13. Nb5 d4 14. Qf4 dxc3+ 15. Nxc3 1/2-1/2

[Event "Unterfranken-ch HT 61th"]
[Site "Kitzingen"]
[Date "2010.04.05"]
[Round "1"]
[White "Graunke, Frank Rouven"]
[Black "Hartlaub, Marianne"]
[Result "1-0"]
[WhiteElo "1447"]
[BlackElo "1433"]
[PlyCount "92"]
[EventDate "2010.04.05"]
[EventType "swiss"]
[EventRounds "9"]
[EventCountry "GER"]
[SourceTitle "EXT 2015"]
[Source "ChessBase"]
[SourceDate "2014.11.20"]
[SourceVersion "1"]
[SourceVersionDate "2014.11.20"]
[SourceQuality "1"]

1. e4 d6 2. Bc4 Nf6 3. d3 e5 4. Nf3 Bg4 5. h3 Bxf3 6. Qxf3 Be7 7. Nc3 c6 8. Be3 a5 9. a4 Nbd7 10. 0-0 0-0 11. Qg3 Nh5 12. Qf3 g6 13. Bh6 Ng7 14. Qe3 Kh8 15. Ne2 f5 16. Bxg7+ Kxg7 17. exf5 Rxf5 18. d4 d5 19. Bb3 Bg5 20. Qg3 Qf6 21. dxe5 Nxe5 22. f4 Bh4 23. fxe5 Rxf1+ 24. Rxf1 Qxf1+ 25. Kxf1 Bxg3 26. Nxg3 Re8 27. c3 Rxe5 28. Bc2 h5 29. Ne2 g5 30. b3 h4 31. Nd4 Kf6 32. Kf2 c5 33. Nf3 Re7 34. Bd3 b6 35. Bb5 Kf5 36. Bc6 Kf4 37. Bxd5 Re3 38. Ng1 Rd3 39. Ne2+ Ke5 40. Bf3 Rd2 41. Ke3 Rb2 42. Nc1 Rc2 43. Nd3+ Kd6 44. c4 Ra2 45. Bd1 Rxg2 46. Bg4 Rg1 1-0